Normal view MARC view
  • Valuers, Surveyors and Estate Agents Association of Great Britain

Entry Corporate Name

Number of records used in: 6

001 - CONTROL NUMBER

  • control field: 4884

003 - CONTROL NUMBER IDENTIFIER

  • control field: SIRSI

005 - DATE AND TIME OF LATEST TRANSACTION

  • control field: 20190806150238.0

008 - FIXED-LENGTH DATA ELEMENTS

  • fixed length control field: 060216n| aaannaabn |n ana d

040 ## - CATALOGING SOURCE

  • Original cataloging agency: OSt
  • Transcribing agency: OSt

110 2# - HEADING--CORPORATE NAME

  • Corporate name or jurisdiction name as entry element: Valuers, Surveyors and Estate Agents Association of Great Britain

670 ## - SOURCE DATA FOUND

  • Source citation: The companies acts, 1929-1948, 1948